Financial reporting, financial statement analysis, and valuation : (رقم التسجيلة. 26212)
[ عرض عادي ]
| 000 -الفاتح | |
|---|---|
| حقل البيانات ثابتة الطول | 01356cam a2200337 a 4500 |
| 001 - رقم الضبط | |
| رقم الضبط | 16267385 |
| 003 - محدد رقم الضبط | |
| رقم الضبط | OSt |
| 005 - وقت وتاريخ اخر تعامل مع التسجيلة | |
| رقم الضبط | 20150408114102.0 |
| 008 - عناصر البيانات ثابتة الطول - معلومات عامة | |
| حقل البيانات ثابتة الطول | 100604s2011 ohua b 001 0 eng |
| 010 ## - رقم ضبط مكتبة الكونجرس | |
| رقم ضبط مكتبة الكونجرس | 2010930107 |
| 020 ## - الرقم الدولى المعيارى للكتب | |
| الرقم الدولى المعيارى للكتاب | 9780324789423 |
| 020 ## - الرقم الدولى المعيارى للكتب | |
| الرقم الدولى المعيارى للكتاب | 9780324789416 (hbk.) |
| 040 ## - مصدر الفهرسة | |
| وكالة الفهرسة الأصلية | DLC |
| وكالة النسخ | DLC |
| 042 ## - رمز التحقق | |
| رمز التحقق | pcc |
| 050 00 - رقم طلب مكتبة الكونجرس | |
| رقم التصنيف | HF5635 |
| رقم المادة | .S857 2011 |
| 082 ## - رقم تصنيف ديوى العشرى | |
| رقم الطبعة | 22 |
| رقم التصنيف | 657 |
| رقم المادة | W J F |
| 100 1# - المدخل الرئيسى - إسم شخصى | |
| الإسم الشخصى | Wahlen, James M. |
| 9 (RLIN) | 17808 |
| 245 10 - بيان العنوان | |
| العنوان | Financial reporting, financial statement analysis, and valuation : |
| بقية العنوان | a strategic perspective / |
| بيان المسئوليه,etc | James M. Wahlen, Stephen P. Baginski, Mark T. Bradshaw. |
| 250 ## - بيان الطبعة | |
| بيان الطبعة | 7th ed. |
| 260 ## - PUBLICATION, DISTRIBUTION, ETC. (IMPRINT) | |
| مكان الناشر او الموزع | Mason, OH : |
| اسم الناشر او الموزع | South-Western Cengage Learning, |
| تاريخ النشر أو التوزيع | c2011. |
| 300 ## - الوصف المادى | |
| التعداد | xxx, 1261 p. : |
| تفاصيل ماديه اخرى للوعاء | ill. ; |
| أبعاد الوعاء | 26 cm. |
| 500 ## - تبصرة عامة | |
| تبصرة عامة | Rev. ed. of: Financial reporting, financial statement analysis, and valuation : a strategic perspective / Clyde P. Stickney, Paul R. Brown, James M. Wahlen. 6th ed. |
| 504 ## - تبصرة ببليوجرافية | |
| تبصرة ببليوجرافية,الخ | Includes bibliographical references and index. |
| 650 #0 - المدخل الاضافى بالموضوع-مصطلح موضوعى | |
| مصطلح موضوعي أو اسم جغرافي كعنصر مدخل | Accounting. |
| 650 #0 - المدخل الاضافى بالموضوع-مصطلح موضوعى | |
| مصطلح موضوعي أو اسم جغرافي كعنصر مدخل | Financial statements. |
| 9 (RLIN) | 17809 |
| 700 1# - المدخل الاضافى - اسم شخصى | |
| الإسم الشخصى | Baginski, Stephen P., |
| التواريخ المصاحبة للاسم | 1957- |
| 9 (RLIN) | 17810 |
| 700 1# - المدخل الاضافى - اسم شخصى | |
| الإسم الشخصى | Bradshaw, Mark T. |
| 9 (RLIN) | 17811 |
| 700 1# - المدخل الاضافى - اسم شخصى | |
| الإسم الشخصى | Stickney, Clyde P., |
| التواريخ المصاحبة للاسم | 1944- |
| عنوان العمل | Financial reporting, financial statement analysis, and valuation. |
| 9 (RLIN) | 17812 |
| 942 ## - عناصر المدخل الإضافي( كوها) | |
| مصدر التصنيف او مخطط الترفيف | Dewey Decimal Classification |
| Koha [default] item type | كتاب |
| حالة الفقد | نموذج السعر الفعال | حالة تلف | ليس للاعارة | رقم الطلب | تاريخ الاكتساب | الموقع الحالي | الباركود | الفرع الرئيسي | Date last seen | نوع المادة فى نظام كوها | مصدر التصنيف او خطة الترفيف | Total Checkouts |
|---|---|---|---|---|---|---|---|---|---|---|---|---|
| 2013-03-10 | 657 W J F | 2012-11-30 | المكتبة المركزية بالمجمعة (CL) | 07000000010317 | المكتبة المركزية بالمجمعة (CL) | 2013-03-10 | كتاب | Dewey Decimal Classification | ||||
| 2013-03-10 | 657 W J F | 2012-11-30 | المكتبة المركزية بالمجمعة (CL) | 07000000010318 | المكتبة المركزية بالمجمعة (CL) | 2013-03-10 | كتاب | Dewey Decimal Classification |
